000
00444nam a2200145Ia 4500
008
100204s9999 xx 000 0 und d
082
_b
5499
100
_a
प्रभू बबन
245
_a
घोळात घोळ
260
_b
"मेहता पब्लिशिंग हाऊस , पुणे"
_c
1978
300
_a
75
630
_a
घोळात घोळ
730
_a
घोळात घोळ
942
_c
BOOK
999
_c
450076
_d
450073